MS. of No room /

Manuscript handwritten in ink, signed at end.

Bibliographic Details
Main Author: Powys, Theodore Francis, 1875-1953 (Author)
Format: Manuscript
Language:English
Subjects:

MARC

Tag First Indicator Second Indicator Subfields
LEADER 00000ctm a2200000Ii 4500
001 in00003494721
005 20151206123243.0
008 141010s1925 enk 000 1 eng d
035 |a (OCoLC)ocn892735832 
035 |a (OCoLC)892735832 
040 |a TXA  |b eng  |e rda  |c TXA  |d UtOrBLW 
043 |a e-uk-en 
049 |a TXAM 
090 |a PR6031.O873  |b N67 1925 
100 1 |a Powys, Theodore Francis,  |d 1875-1953,  |e author. 
245 1 0 |a MS. of No room /  |c T.F. Powys. 
246 1 0 |a No room 
264 0 |c [1925?] 
300 |a 10 leaves ;  |c 26 cm 
336 |a text  |b txt  |2 rdacontent 
337 |a unmediated  |b n  |2 rdamedia 
338 |a volume  |b nc  |2 rdacarrier 
500 |a Spine title from binders volume. 
500 |a The Cushing Library/Lit./Mitchell copy contains a bookseller's description. 
520 |a Manuscript handwritten in ink, signed at end. 
500 |a Short story first published in the New leader, 24 April 1925, and later appeared in book form in "The house with the echo : twenty-six stories", London : Chatto & Windus / New York : Viking, in 1928. 
651 0 |a England  |x Social life and customs  |v Fiction. 
700 1 |a Powys, Theodore Francis,  |d 1875-1953.  |t House with the echo. 
948 |a cataloged  |b h  |c 2014/10/13  |d c  |e junters  |f 5:50:12 pm 
994 |a C0  |b TXA 
999 |a MARS 
999 f f |s c5f41a79-44dc-3a12-aa6f-543bb55f999a  |i 75513363-f326-3183-a019-72f9bc9e47e1  |t 0 
952 f f |p noncirc  |a Texas A&M University  |b College Station  |c Cushing Memorial Library & Archives  |d Cushing: Literature/Mitchell (Does not check out)  |t 0  |e PR6031.O873 N67 1925  |h Library of Congress classification  |i unmediated -- volume 
998 f f |a PR6031.O873 N67 1925  |t 0  |l Cushing: Literature/Mitchell (Does not check out)